000 01108nam a2200241Ia 4500
003 OSt
005 20220923224239.0
006 a|||||r|||| 00| 0
007 ta
008 220922b |||||||| |||| 00| 0 hin d
024 _a229,911
037 _cTextual
040 _aARTS
_cARTS
_bhin
041 _2hin
_ahin
082 _aO122,6NB0:g(Y15), 152P4
100 _aपांडेय, मनीषा, अनु.
245 0 _aस्त्री के पास खोने के लिए कुछ नहीं है
_b सिनेमा द बोवुआर से स्त्री - मुद्दों पर एलिस श्वेर्जर की विशद् बातचीत
246 _aStrī ke pās khone ke lie kuchh nahīan hai: sinemā d bovuār se strī - muddoan par elis shverjar kī vishad bātachīta
260 _aमुंबई
_b संवाद प्रकाशन
_c2004
300 _a139पृ.
_ccm.
942 _hO122,6NB0:g(Y15), 152P4
_cTEXL
_2CC
999 _c370175
_d370175